000 00707nam a2200205 a 4500
001 000016147
005 20250502073819.0
008 100226s1983 dr a 001 0 spa d
040 _aDO-SdBNP
_bspa
_cBNPHU
082 _axxx
_bA485s
100 1 _aAmaro Guzmán, Raymundo
_9656
245 1 3 _aLa simplificación del trabajo /
_cRaymundo Amaro Guzmán; prólogo Jorge Morales Yordan.
260 _aSanto Domingo :
_bONAP,
_c1983.
300 _a43 p. :
_bil. ;
_c21 cm.
490 1 _aGuias informativas
_v6
700 1 _aMorales Yordad, Jorge
_epról.
_936147
710 1 _aRepública Dominicana.
_bOficina Nacional de Administración y Personal
_926398
830 0 _aGuias informativas
_936148
049 _aBNPD
999 _c15687
_d15687